000 00374nam a2200157Ia 4500
008 230524s9999 xx 000 0 und d
082 _a621.3821
_bVER
100 _aO.P.Verma
245 0 _aDigital Signal Processing
250 _a1ST
260 _aNEW DELHI
_bDhanpat Rai
_c2003
300 _a11.12
500 _aQuantity Number: 2
650 _aElectronics
942 _cBK
999 _c8061
_d8061